000 00754cam a22002293a 4500
001 27527
003 PGUSA
005 20140828083609.0
008 081213s2008||||xxu|||||s|||||000 | eng d
040 _aPGUSA
_beng
042 _adc
050 4 _aF850.5
100 1 _aStockton State Hospital
_q(Calif.)
245 1 0 _aRules and Regulations of the Insane Asylum of California :
_bPrescribed by the Resident Physician, August 1, 1861
_h[electronic resource] /
_cStockton State Hospital
260 _bProject Gutenberg,
_c2008
506 _aPublic domain in the USA.
516 _aElectronic text
653 _aPsychiatric hospitals -- California
830 0 _aProject Gutenberg
_v27527
856 4 0 _uhttp://www.gutenberg.org/ebooks/27527
942 _cEB
999 _c256782
_d256782